Atatürk ve barış/ (Record no. 14337)

MARC details
000 -BAŞLIK
Sabit Uzunlukta Kontrol Alanı 00701nam a22001937a 4500
999 ## - SİSTEM KONTROL NUMARALARI (KOHA)
Koha Biblionumber 14337
Koha Biblioitemnumber 14337
003 - KONTROL NUMARASI IDENTIFIER
Denetim Alanı MIRAKIL
005 - SON İŞLEM TARİHİ VE ZAMANI
Denetim Alanı 20210325162115.0
008 - SABİT-BOY VERİ ELEMANLARI - GENEL BİLGİLER
Sabit Uzunlukta Kontrol Alanı 210325b tu ||||| |||| 00| 0 tur d
040 ## - KATALOGLAMA KAYNAK
Orijinal Kataloglama Ajansı TR-AnCHP
Metne Dönüştürmek Ajansı TR-AnCHP
041 ## - DİL KODU
Metin / Ses Parça Veya Ayrı Başlığın Dil Kodu Tur
082 ## - DEWEY ONLU SINIFLANDIRMA NUMARASI
Sınıflandırma Numarası ATA 923.156
Ürün Numarası A72 1982
245 10 - BAŞLIK TABLOSU
Başlık Atatürk ve barış/
260 ## - YAYIN, DAĞITIM, VB
Yayın, Dağıtım, Vb Yeri Ankara:
Yayıncı, Dağıtıcı, Vs Adı Türkiye İş Bankası,
Yayın, Dağıtım, Vb Tarihi 1982.
300 ## - FİZİKSEL TANIM
Kapsam 397 s.:
Diğer Fiziksel Ayrıntıları fotg.;
Boyutlar 19 sm.
490 0# - SERİSİ TABLOSU
Seri Beyanı Türkiye İş Bankası kültür yayınları ;
-- Atatürk dizisi ;
Hacim / Ardışık Tanımı genel yayın no. 235
-- 24
500 ## - GENEL NOT
Genel Not Türkiye İş Bankası 1981 "Atatürk ve Barış" yazı yarışmasında ödül ve mansiyon olan 32 yazı
600 14 - KONU KATMA GİRİŞ - KURUMSAL ADI
9 (RLIN) 1465
Kişisel Ad Atatürk, Gazi Mustafa Kemal
Bir Adıyla İlişkilendirilen Tarihler 1881-1938
942 ## - EKLENDİ GİRİŞ ELEMANLARI (KOHA)
Sınıflandırma Veya Raf Düzeni Kaynak Dewey Decimal Classification
Koha Öğesi Türü Books
Holdings
Kalıcı Konum Mevcut Konum Edinme Tarihi Toplam Check-Out'Lar Tam Çağrı Numarası Barkod Tarih Son Görülme İtibaren Geçerli Fiyatlar Sigara Kamu Notu Koha Öğesi Türü
CHP Kütüphanesi CHP Kütüphanesi 03/25/2021   ATA 923.156 A72 1982 019819 03/25/2021 03/25/2021 Emine Başak Alkan Bağışıdır. Books